000 00239nam a2200097Ia 4500
001 640194
005 20250826153442.0
008 250824s9999 xx 000 0 und d
245 0 _a1 Uzaylı Saldırısı
_cMax Chase
260 _bBEYAZ BALİNA
999 _c640194
_d640194